| 000 | 00684nam a2200181 a 4500 | ||
|---|---|---|---|
| 005 | 20140414131851.0 | ||
| 008 | 100729s19uu xx 00 eng d | ||
| 050 |
_aM 513.2 _bT15 2002 |
||
| 100 | _aTang, Greg | ||
| 245 |
_aThe best of times : _bmath strategies that multiply / _cGreg Tang ; illustrated by Harry Briggs. |
||
| 250 | _a1st ed. | ||
| 260 |
_aNew York : _bScholastic Press, _c2002. |
||
| 500 | _aNotes: "Ages 7-10"--cover p. [4]. | ||
| 520 | _aSimple rhymes offer hints on how to multiply any number by zero through ten without memorizing the multiplication tables. | ||
| 650 | _aMultiplication --Juvenile literature. | ||
| 650 | _aMultiplication. | ||
| 999 |
_c110170 _d110170 |
||